Catálogo
 En Linea

Impacto de la agroforestería : (Registro nro. 9891)

Detalles MARC
000 -CABECERA
campo de control de longitud fija 01120nam a2200277 a 4500
001 - NÚMERO DE CONTROL
campo de control 000010132
005 - FECHA Y HORA DE LA ÚLTIMA TRANSACCIÓN
campo de control 20240520194921.0
008 - DATOS DE LONGITUD FIJA--INFORMACIÓN GENERAL
campo de control de longitud fija 091005s2009 dr ac r 000 0 spa d
020 ## - NÚMERO INTERNACIONAL ESTÁNDAR DEL LIBRO
Número Internacional Estándar del Libro 9789945870503
040 ## - FUENTE DE LA CATALOGACIÓN
Centro catalogador/agencia de origen DO-SdBNP
Lengua de catalogación spa
Centro/agencia transcriptor BNPHU
082 ## - NÚMERO DE LA CLASIFICACIÓN DECIMAL DEWEY
Número de clasificación 633.74
Número de documento/Ítem G216i
100 1# - ENTRADA PRINCIPAL--NOMBRE DE PERSONA
Nombre de persona García Salazar, Gregorio,
Fechas asociadas al nombre 1959-
9 (RLIN) 25127
245 10 - MENCIÓN DE TÍTULO
Título Impacto de la agroforestería :
Resto del título cacao en República Dominicana /
Mención de responsabilidad, etc. Gregorio García Salazar ; ilustraciones Felino Bueno y Greymi García Garabito.
260 ## - PUBLICACIÓN, DISTRIBUCIÓN, ETC.
Lugar de publicación, distribución, etc. Santo Domingo :
Nombre del editor, distribuidor, etc. Talleres Gráficos 16,
Fecha de publicación, distribución, etc. 2009.
300 ## - DESCRIPCIÓN FÍSICA
Extensión 188 p. :
Otras características físicas il., retrs. ;
Dimensiones 23 cm.
500 ## - NOTA GENERAL
Nota general Incluye datos biográficos del autor en la solapas
504 ## - NOTA DE BIBLIOGRAFÍA, ETC.
Nota de bibliografía, etc. Biibliografía : p. 183-188
504 ## - NOTA DE BIBLIOGRAFÍA, ETC.
Nota de bibliografía, etc. Incluye referencias bibliográficas y notas al pie de las páginas
590 ## - NOTA LOCAL (RLIN)
Nota local Inventariado, 2018/BT
650 #4 - PUNTO DE ACCESO ADICIONAL DE MATERIA--TÉRMINO DE MATERIA
Término de materia o nombre geográfico como elemento de entrada Agricultura
Subdivisión geográfica República Dominicana
9 (RLIN) 1568
650 #4 - PUNTO DE ACCESO ADICIONAL DE MATERIA--TÉRMINO DE MATERIA
Término de materia o nombre geográfico como elemento de entrada Cacao
Subdivisión general República dominicana
-- Historia
9 (RLIN) 25128
650 #0 - PUNTO DE ACCESO ADICIONAL DE MATERIA--TÉRMINO DE MATERIA
Término de materia o nombre geográfico como elemento de entrada Aforestación
9 (RLIN) 7850
700 12 - PUNTO DE ACCESO ADICIONAL--NOMBRE DE PERSONA
Nombre de persona Bueno, Felino,
Término indicativo de función/relación il.
9 (RLIN) 25130
700 12 - PUNTO DE ACCESO ADICIONAL--NOMBRE DE PERSONA
Nombre de persona García Garabito, Greymi,
Término indicativo de función/relación il.
9 (RLIN) 25131
910 ## - DATOS DE OPCIÓN DEL USUARIO (OCLC)
Datos de opción del usuario Validado. Control de calidad. MFF
Existencias
Estado de retiro Estado de pérdida Restricciones de uso No para préstamo Código de colección Localización permanente Ubicación/localización actual Ubicación en estantería Fecha de adquisición Número de inventario Total de préstamos Signatura topográfica completa Código de barras Fecha visto por última vez Número de copia Precio válido a partir de Tipo de ítem Koha
        Dominicana de Servicio General General Depósito 05.10.2009 LF1   633.74 G216i 10132-30 25.06.2020 e. 3 25.06.2020 Libro y Folleto Colección Dominicana de Servicio
      Excluido de préstamo Patrimonio Dominicano Patrimonio Dominicano Patrimonio Dominicano Depósito 05.10.2009 LF1   633.74 G216i 10132-10 25.06.2020   25.06.2020 Libro y Folleto Colección Patrimonio Dominicano
      Excluido de préstamo Patrimonio Dominicano Patrimonio Dominicano Patrimonio Dominicano Depósito 05.10.2009 LF1   633.74 G216i 10132-20 25.06.2020 e. 2 25.06.2020 Libro y Folleto Colección Patrimonio Dominicano

Con tecnología Koha